00505 2200181 4500245004300000020002200043250001100065100001400076700001100090650001700101005001900118260003200137041001400169084000800183300002300191500010000214336000900314 aYang Telah Lama PergicTere LiyehText a978-623-88296-0-6 aCet. 1 aTere Liye aDiya H aNovel Remaja a20240110145737 aDepokbSabak Grip Nusantara aIndonesia a813 a444 hlm. :c20 cm. aSakit hati ... Kebencian ... Dendam kesumat ... Tangis dibalas tangis ... Luka dibalas luka ... atext